00477nam a2200193 a 4500001001300000003000900013005001700022008004100039020001000080082001700090100002400107245002400131260003500155300000900190500003500199505001000234650001500244700002400259nice12345678IN_TiNIC20260116011857.0050524s1959 pesa grp 000 0 urd  ac10000a297.86bFAR1 aFarooqi, Mohd Yusuf aTareekh-E-Ahmadiyya aPeshawar bNo Publisher c1959 a328p aincludes index and biblioraphy2 aIndex aAhmadiyyah1 aFarooqi, Mohd Yusuf